Teuerste Zugänge von FC Liverpool - Statistiken

Allgemein
  • Dieses Quiz wurde 59 mal gespielt
  • Das Durchschnittsergebnis liegt bei 8 aus 15
Antwortstatistiken
Hint Antwort % Korrekt
12 Mohamed Salah
98%
2 Virgil Van Dijk
91%
13 Sadio Mane
83%
1 Darwin Nunez
76%
3 Dominic Szoboszlai
76%
10 Alexis Mac Allister
72%
14 Roberto Firmino
65%
6 Luis Diaz
61%
11 Cody Gakpo
50%
9 Diogo Jota
48%
4 Alisson Becker
37%
8 Fabinho
35%
5 Naby Keita
33%
7 Christian Benteke
11%
15 Andy Caroll
9%
Keine übereinstimmenden Quizze gefunden
Verteilung der Resultate
Anzahl Personen mit jedem Resultat
Perzentil nach korrekt beantworteten Fragen
Ihre Resultats-Entwicklung
Sie haben dieses Quiz noch nicht gespielt